Εκπαιδευτική πολιτική και σχεδιασμός για ένα σύγχρονο σχολείο
Αποθηκεύτηκε σε:
| Κύριος συγγραφέας: | |
|---|---|
| Μορφή: | Βιβλίο |
| Γλώσσα: | Greek |
| Δημοσίευση: |
Αθήνα :
Λιβάνης,
2011.
|
| Σειρά: | Δοκίμιο (Εκδοτικός Οργανισμός Λιβάνη)
|
| Θέματα: | |
| Ετικέτες: |
Προσθήκη ετικέτας
Δεν υπάρχουν, Καταχωρήστε ετικέτα πρώτοι!
|
MARC
| LEADER | 00000nam a2200000 i 4500 | ||
|---|---|---|---|
| 001 | 1/47604 | ||
| 008 | 140520s2011 gr | ||| |||| ||gre|| | ||
| 020 | |a 9789601424552 | ||
| 035 | |l 10117686 | ||
| 040 | |a GR-MY-UA |b gre |e aacr | ||
| 041 | 0 | |a gre | |
| 082 | 7 | |a 379.495 |2 (23) | |
| 100 | 1 | |a Υφαντή, Αμαλία Α. | |
| 245 | 1 | 0 | |a Εκπαιδευτική πολιτική και σχεδιασμός για ένα σύγχρονο σχολείο / |c Αμαλία Α. Υφαντή. |
| 260 | |a Αθήνα : |b Λιβάνης, |c 2011. | ||
| 300 | |a 253 σ. ; |c 21 εκ. | ||
| 490 | 1 | |a (Δοκίμιο / Εκδοτικός Οργανισμός Λιβάνη) | |
| 504 | |a Βιβλιογραφία: σ. 245-248 | ||
| 650 | 0 | 0 | |a Education and state. |
| 650 | 0 | 0 | |a Education and state |z Greece. |
| 650 | 0 | 0 | |a Educational planning. |
| 830 | 0 | |a Δοκίμιο (Εκδοτικός Οργανισμός Λιβάνη) | |
| 852 | |a INST |b RHODES |c EUDOXUS |e 20140520 |h 379.495 ΥΦΑ |p 005400036508 |q 005400036508 |t EDX |y 0 | ||
| 852 | |a INST |b RHODES |c EUDOXUS |e 20140520 |h 379.495 ΥΦΑ |p 005400036509 |q 005400036509 |t EDX |y 0 | ||
| 901 | |a BIBL4-2014-2 | ||
| 909 | |a Ρ |b 183010 | ||
| 909 | |a Ρ |b 183011 | ||
| 920 | |a Εύδοξος |b Παραγγελία |y Ρόδος-ΤΕΠΑΕΣ |z 2014-05 | ||
| 922 | |a 4ΕΛΗ | ||
| 970 | |z 2014/05/20 | ||